| 000 | 01102cam a2200277 a 4500 | ||
|---|---|---|---|
| 001 | 2993665 | ||
| 003 | NUST | ||
| 005 | 20230213102245.0 | ||
| 008 | 920817s1992 pk 000 0deng | ||
| 010 | _a 92931057 | ||
| 020 |
_z3501683 : _cRs250.00 |
||
| 040 |
_aDLC _cDLC _dDLC |
||
| 043 | _aa-pk--- | ||
| 050 | 0 | 0 |
_aDS377 _b.R35 1992 |
| 082 | _a954.9143,RAS | ||
| 100 | 1 |
_aRashid, Salman, _d1952- _93759 |
|
| 245 | 1 | 0 |
_aRiders on the wind : _bTravels through Pakistan / _cSalman Rashid. |
| 260 |
_aLahore, Pakistan : _bSang-e-Meel Publications, _c1992. |
||
| 300 |
_a423 p. ; _c23 cm. |
||
| 505 | _aSind (Page-13), Baluchistan (Page-113), Punjab (Page-163), Northwest Frontier Province and Northern Areas (Page-267), The little Railway bazar and other stories (Page-379). | ||
| 600 | 1 | 0 |
_aRashid, Salman, _d1952- _xTravel _zPakistan. _9108926 |
| 651 | 0 |
_aPakistan _xDescription and travel. |
|
| 906 |
_a7 _bcbc _corignew _d3 _encip _f19 _gy-gencatlg |
||
| 942 |
_2ddc _cBK _k954.9143,RAS |
||
| 999 |
_c593233 _d593233 |
||